Διαμόρφωση αντιλήψεων μαθητών δημοτικού σχολείου μέσα από την υλοποίηση ενός προγράμματος περιβαλλοντικής εκπαίδευσης με θέμα ''Το ενεργειακό αποτύπωμα του σχολείου μας'' : διπλωματική εργασία [μεταπτυχιακή εργασία]
Αποθηκεύτηκε σε:
| Κύριος συγγραφέας: | |
|---|---|
| Συγγραφή απο Οργανισμό/Αρχή: | |
| Μορφή: | Thesis Βιβλίο |
| Γλώσσα: | Greek |
| Δημοσίευση: |
2016.
|
| Θέματα: | |
| Διαθέσιμο Online: | http://hdl.handle.net/11610/17136 |
| Ετικέτες: |
Προσθήκη ετικέτας
Δεν υπάρχουν, Καταχωρήστε ετικέτα πρώτοι!
|
MARC
| LEADER | 00000cam a2200000 a 4500 | ||
|---|---|---|---|
| 001 | 1/111731 | ||
| 008 | 160907s2015####gr | ||| |||| ||gre|| | ||
| 040 | |a GR-MyUa |b gre |c GR-MyUa |e AACR2 | ||
| 041 | 0 | |a gre | |
| 082 | 7 | |a 372.357 |2 (23) | |
| 100 | 1 | |a Φλουρίδης, Γρηγόριος. | |
| 245 | 1 | 0 | |a Διαμόρφωση αντιλήψεων μαθητών δημοτικού σχολείου μέσα από την υλοποίηση ενός προγράμματος περιβαλλοντικής εκπαίδευσης με θέμα ''Το ενεργειακό αποτύπωμα του σχολείου μας'' : |b διπλωματική εργασία [μεταπτυχιακή εργασία] / |c Φλουρίδης Γρηγόριος ; επιβλέπων καθηγητής: Σταμάτης Παναγιώτης. |
| 260 | |c 2016. | ||
| 300 | |a 180 σ. : |b πίν., διαγρ., εικ. ; |c 30 εκ. | ||
| 500 | |a Υπάρχει ψηφιακό αντίγραφο. | ||
| 500 | |a Μέλη εξεταστικής επιτροπής: Καϊλα Μαρία, Παπαβασιλείου Βασίλειος. | ||
| 502 | # | # | |a Διατριβή (μεταπτυχιακή) – Πανεπιστήμιο Αιγαίου, Ρόδος, 2015. |
| 504 | |a Βιβλιογραφία: σ. 147-153. | ||
| 506 | 1 | |a Πλήρες κείμενο - Ενδοπανεπιστημιακή δημοσίευση - Κλειδωμένη η δυνατότητα αντιγραφής. | |
| 650 | 0 | |a Environmental education |z Greece. | |
| 650 | 0 | |a Environmental education |x Activity programs. | |
| 650 | 0 | |a Environmental education |x Study and teaching. | |
| 650 | 0 | |a School buildings |x Design and construction. | |
| 650 | 0 | |a Carbon dioxide mitigation. | |
| 650 | 0 | |a Students |x Attitudes. | |
| 700 | 1 | |a Σταμάτης, Παναγιώτης Ι., |d 1967- |e dgs | |
| 710 | 2 | |a Πανεπιστήμιο Αιγαίου |b Σχολή Ανθρωπιστικών Επιστημών |b Τμήμα Επιστημών της Προσχολικής Αγωγής και του Εκπαιδευτικού Σχεδιασμού |b Πρόγραμμα Μεταπτυχιακών Σπουδών Περιβαλλοντική Εκπαίδευση. | |
| 852 | |a INST |b RHODES |c DIATR |e 20160907 |h 372.357 ΦΛΟ |p 005400038440 |q 005400038440 |t MTXE |y 23 | ||
| 856 | |u http://hdl.handle.net/11610/17136 | ||
| 924 | |a Φλουρίδης |b Γρηγόριος |y Ρόδος |z 2015-12 | ||
| 970 | |z 07-09-2016 | ||